| 000 -LEADER |
| fixed length control field |
01086nam a22002177a 4500 |
| 005 - DATE AND TIME OF LATEST TRANSACTION |
| control field |
20241112105538.0 |
| 008 - FIXED-LENGTH DATA ELEMENTS--GENERAL INFORMATION |
| fixed length control field |
240531b ||||| |||| 00| 0 eng d |
| 040 ## - CATALOGING SOURCE |
| Transcribing agency |
SSBUL |
| 041 ## - LANGUAGE CODE |
| Language code of text/sound track or separate title |
Myanmar |
| 082 ## - DEWEY DECIMAL CLASSIFICATION NUMBER |
| Edition number |
23 |
| Classification number |
၂၉၄.၃၄၄၃၅ ရေ |
| Item number |
၁၂၆၃၂ S-UOK |
| 100 0# - MAIN ENTRY--PERSONAL NAME |
| Personal name |
ရေဝတ၊ ဘဒ္ဒန္တ၊ သစ္စဒီပကဆရာတော်- |
| 9 (RLIN) |
42476 |
| 245 10 - TITLE STATEMENT |
| Title |
ဒိဋ္ဌိဝိစိကိစ္ဆာ ပဟာတဗ္ဗကထာ / |
| Statement of responsibility, etc. |
ဘဒ္ဒန္ထရေဝတ (သစ္စဒီဟာဆရာတော်) ။ |
| 260 ## - PUBLICATION, DISTRIBUTION, ETC. |
| Name of publisher, distributor, etc. |
[ထုတ်ဝေသူမပါ]၊ |
| Date of publication, distribution, etc. |
[ခုနှစ်မပါ]။ |
| 264 ## - PRODUCTION, PUBLICATION, DISTRIBUTION, MANUFACTURE, AND COPYRIGHT NOTICE |
| Place of production, publication, distribution, manufacture |
[နေရာမပါ]၊ |
| Name of producer, publisher, distributor, manufacturer |
ပဋိပတ္တိသာသနာ့နုဂ္ဂဟအဖွဲ့၊ |
| Date of production, publication, distribution, manufacture, or copyright notice |
၂၀၀၁။ |
| 300 ## - PHYSICAL DESCRIPTION |
| Extent |
၁၆၀ စာမျက်နှာ ၊ |
| Dimensions |
၁၈ စင်တီ။ |
| 500 ## - GENERAL NOTE |
| General note |
S-UOK: U Ohn Kyaw<br/>S-SAT: Dr. Sai Aung Tun |
|
| General note |
S-KZN: Prof. Kyaw Zaw Naing |
| 650 ## - SUBJECT ADDED ENTRY--TOPICAL TERM |
| Topical term or geographic name entry element |
ဝိပဿနာ |
|
| Topical term or geographic name entry element |
ကမ္မဋ္ဌာန်း |
| 942 ## - ADDED ENTRY ELEMENTS (KOHA) |
| Source of classification or shelving scheme |
|
| Koha item type |
Book (Short term) |